| 000 | 00464nam a2200169 i 4500 | ||
|---|---|---|---|
| 001 | 50521 | ||
| 003 | ES-MaACL | ||
| 005 | 20230906162209.0 | ||
| 007 | t| | ||
| 008 | 030805s1921 sp ||||1| spa d | ||
| 080 | _a821.134.2-14"19" | ||
| 100 | 1 |
_aChabás, Juan ( _d1900-1954) _937722 |
|
| 245 | 1 | 0 |
_aEspejos 1919 : _bverso 1920 / _cJuan Chabás y Martí. |
| 260 |
_aMadrid : _bAlejandro Pueyo, _c1921. |
||
| 300 |
_a94 p. ; _c15 cm. |
||
| 852 |
_aES-MaACL _jG-2676 |
||
| 999 |
_c50521 _d50521 |
||